000 01025nam2a22002411 4500
001 rc\165723
005 20250612180348.0
010 _a5-280-02607-7
_9250000
035 _a(NLR Aleph) 008769596
090 _a7915707
_c7915707
100 _a20030307d1992 |||y0rusy50 ca
101 0 _arus
102 _aRU
105 _ay |||||||||
200 0 _aТ. 1
_fПер. Т. Озерской
210 _d1992
_aБ. м.
215 _a461, [1] с.
461 0 _1001rc\165722
_12001#$aУнесенные ветром$eРоман$e[В 2 т.]$eПер. с англ.$fМаргарет Митчелл$g[Вступ. ст. П. Палиевского]$vТ. 1
_1700#1$aМитчелл$bМ.$gМаргарет$f1900-1949
_97949465
_aМитчелл, М. (1900-1949)
_cМ.
_d1992-
_fМаргарет Митчелл
_nХудож. лит.
_oРоман : [В 2 т.] : Пер. с англ.
_tУнесенные ветром
_y5280026085
_vТ. 1
801 0 _aRU
_bNLR
_gpsbo
801 1 _aRU
_bELAR
_2rusmarc
852 _aNLR
_j91-5/5183
942 _cBOOK
980 _aNB